Tuyển tập Quang Dũng /

Guardat en:
Dades bibliogràfiques
Autor principal: Quang Dũng
Format: Sách giấy
Idioma:Vietnamese
Publicat: H. : Văn học, 1999
Etiquetes: Afegir etiqueta
Sense etiquetes, Sigues el primer a etiquetar aquest registre!
Thư viện lưu trữ: Thư viện Trường Đại học Đà Lạt
LEADER 00534nam a2200241 4500
001 DLU020017667
005 ##20010419
020 # # |a 978- 
041 # # |a vie 
082 # # |a 895.922 809  |b QU-D 
100 # # |a Quang Dũng 
245 # # |a Tuyển tập Quang Dũng /  |c Quang Dũng 
260 # # |a H. :  |b Văn học,  |c 1999 
300 # # |a 416 tr.;   |c 19 cm. 
992 # # |a 32000 
994 # # |a DLU 
900 # # |a False 
911 # # |a Administrator 
925 # # |a G 
926 # # |a A 
927 # # |a SH 
980 # # |a Thư viện Trường Đại học Đà Lạt